| 000 | 00724nam a2200181 4500 | ||
|---|---|---|---|
| 999 |
_c17072 _d17072 |
||
| 008 | 220602b ||||| |||| 00| 0 eng d | ||
| 022 | _a0732-8435 | ||
| 082 | _aDPer 657.05 C33 Sept - Dec 2012, v. 82 n. 9 - 12 | ||
| 100 |
_aFriske, Karyn Bybee. _945375 |
||
| 245 |
_aThe economic substance doctrine: _bunderstanding the IRS's guidance on its proper application/ _cKaryn Bybee Friske, Karen M. Cooley and Darlene Pulliam |
||
| 260 |
_aNew York: _bThe New York State Society of CPA, _c©2012. |
||
| 300 |
_av82 n10, pages 40-45: _billustrations; _c28 cm. |
||
| 500 | _aThe CPA Journal. | ||
| 650 |
_aFinance. _945376 |
||
| 700 |
_aCooley, K. M. _eAuthor. _945377 |
||
| 700 |
_aPulliam, D. _eAuthor. _945378 |
||
| 942 |
_2ddc _cPER |
||